A randomization method for efficiently and accurately processing fine roots, separating them from debris, in the laboratory (Record no. 53534)
[ view plain ]
| 000 -LEADER | |
|---|---|
| fixed length control field | 01876nam a2200193Ia 4500 |
| 100 ## - MAIN ENTRY--AUTHOR NAME | |
| Personal name | Koteen ELaura |
| 245 #2 - TITLE STATEMENT | |
| Title | A randomization method for efficiently and accurately processing fine roots, separating them from debris, in the laboratory |
| 260 ## - PUBLICATION, DISTRIBUTION, ETC. (IMPRINT) | |
| Name of publisher | Plant and Soil |
| Year of publication | 2013 |
| 300 ## - PHYSICAL DESCRIPTION | |
| Number of Pages | 383-398 |
| 520 ## - SUMMARY, ETC. | |
| Summary, etc | Background and Aims We developed a method for processing roots from soil cores and monoliths in the laboratory to reduce the time and cost devoted to separating roots from debris and improve the accuracy of root variable estimates. The method was tested on soil cores from a California oak savanna, with roots from trees, Quercus douglasii, and annual grasses. Methods In the randomized sampling method, one isolates the sample function consisting of roots and organic debris<=1 cm in length, and randomizes it through immersion in water and vigorous mixing. Sub-samples from the mixure are then used to estimate the percentage of roots in this fraction, thereby enabling an estimate of total sample biomass. Results We found that root biomass estimates, determined through the randomization method, differed from total root biomass established by meticulously picking every root from a sample with an error of 3.0;+/-0.6;s.e. Conclusions This method greatly reduces the time and resources for root processing from soil cores and monoliths, and improves the accuracy of root variable estimates compared to standard methods. This gives researchers the ability to increase sample frequency and reduce the error associated with studying roots at the landscape and plant scales. |
| 650 ## - SUBJECT ADDED ENTRY--TOPICAL TERM | |
| Topical Term | Population sampling |
| 650 ## - SUBJECT ADDED ENTRY--TOPICAL TERM | |
| Topical Term | Quercus douglasii |
| 650 ## - SUBJECT ADDED ENTRY--TOPICAL TERM | |
| Topical Term | Randomization analysis |
| 650 ## - SUBJECT ADDED ENTRY--TOPICAL TERM | |
| Topical Term | Root processing methods |
| 650 ## - SUBJECT ADDED ENTRY--TOPICAL TERM | |
| Topical Term | Root seperation from debris |
| 700 ## - ADDED ENTRY--PERSONAL NAME | |
| Personal name | Baldocchi DDennis |
| 942 ## - ADDED ENTRY ELEMENTS (KOHA) | |
| Koha item type | Journals |
| Withdrawn status | Lost status | Damaged status | Not for loan | Home library | Current library | Shelving location | Date acquired | Serial Enumeration / chronology | Koha item type |
|---|---|---|---|---|---|---|---|---|---|
| Journals | RRII Library | RRII Library | Agronomy | 30/07/2013 | Volume 363, Issue 02-Jan | Journals |